| 000 | 00760nam a2200241Ia 4500 | ||
|---|---|---|---|
| 001 | 8540 | ||
| 003 | GE_BSU | ||
| 008 | 181216s||||||||xx |||||||||||||| ||und|| | ||
| 040 | _cGE_BSU | ||
| 080 | _a821.353.1-32 | ||
| 100 | _aვარშანიძე,მამია. | ||
| 245 | _aჩემი დედულეთი. | ||
| 245 | _bქრონიკები. | ||
| 245 | _cრედ:ზ.ფირცხალაიშვილი;მხატვ:ი.კუხიანიძე. | ||
| 260 | _aბათუმი. | ||
| 260 | _bსაბჭ.აჭარა. | ||
| 260 | _c1980. | ||
| 300 | _a182გვ;21სმ. | ||
| 541 | _h3ლ. | ||
| 653 | _aქრონიკები. | ||
| 653 | _aჩემი დედულეთი. | ||
| 942 | _cBK | ||
| 999 |
_c41857 _d41857 |
||